000 00733nam a22002177a 4500
003 UA-OsUOA
001 120601
007 ta
008 20170208b un ||||| |||| 00| 0 ukr d
100 _aШуневич О.
090 _a81
_bШ96
942 _cSA
040 _aUA-OsUOA
_bukr
_cUA-OsUOA
_dUA-OsUOA
245 _aРозвиток емоційного інтелекту учнів: лінгводидактичний аспект
300 _aС.2-7
955 _a0
041 _aukr
080 _a81
773 0 _w120600
_tУкраїнська мова і література в школі
_dК.
_d2016
_g6
650 7 _a8 Мовознавство. Художня література. Літературознавство
_2UDC
999 _c406791
_d406791